000 00958cam a2200289 a 4500
001 000001722
003 DO-SdBNP
005 20251107114910.0
008 831227s1982 cl a f001 0 spa d
010 _a83175574
035 _a(DLC) 83175574
040 _aDO-SdBNP
_cDLC
_dDLC
043 _as-cl---
082 4 _a 027.583
_bM385L, 1982
100 1 _aMartinez Baeza, Sergio.
_95600
245 1 3 _aEl libro en Chile /
_cSergio Martínez Baeza.
260 _aSantiago de Chile :
_bBiblioteca Nacional,
_c1982.
300 _a427 p. :
_bil.,
_c25 cm.
490 0 _aColección Chile y su cultura.
_aSerie Museos nacionales ;
_vv.1
500 _aIncluye índice
610 2 0 _aBiblioteca Nacional (Chile)
_xHistoria
_95601
650 0 _aLibros y lectura
_zChile
_xHistoria.
_91512
650 4 _aBibliotecas nacionales
_zChile
_xHistoria
_95602
710 2 _aBiblioteca Nacional (Chile)
_95603
910 _aCatalogación por copia / LC
942 _2ddc
_cLBS1
999 _c1600
_d1600